School Law for K-12 Educators : (Record no. 619871)

MARC details
000 -LEADER
fixed length control field 00518nam a2200193 a 4500
008 - FIXED-LENGTH DATA ELEMENTS--GENERAL INFORMATION
fixed length control field 260424s2007##################000#0#eng##
020 ## - INTERNATIONAL STANDARD BOOK NUMBER
ISBN 9781412960304
082 04 - DEWEY DECIMAL CLASSIFICATION NUMBER
Classification number 344.73071AQU
100 1# - MAIN ENTRY--AUTHOR NAME
Personal name Aquila, Frank D.,
245 10 - TITLE STATEMENT
Title School Law for K-12 Educators :
260 ## - PUBLICATION, DISTRIBUTION, ETC. (IMPRINT)
Name of publisher SAGE Publications, Incorporated,
Year of publication 2007.
300 ## - PHYSICAL DESCRIPTION
Number of Pages 456 pages
650 #0 - SUBJECT ADDED ENTRY--TOPICAL TERM
Topical Term Education.
942 ## - ADDED ENTRY ELEMENTS (KOHA)
Koha item type English Books
Holdings
Withdrawn status Lost status Damaged status Not for loan Home library Current library Date acquired Full call number Accession Number Price effective from Koha item type
        Anna Centenary Library Anna Centenary Library 24.04.2026 344.73071AQU 159278 24.04.2026 English Books

Find us on the map